000 00625nam a2200145Ia 4500
005 20250106051017.0
008 240331s9999 xx 000 0 und d
082 _bKAM
_26028
_a305.23
100 _aBhasin, K
245 0 _aIf only someone had broken the silence!
_bSexual violence on children
260 _aNew Delhi
_bSangat
_c2003
300 _a26 p.,
500 _aA story calling awareness to sexual violence against children, through personal stories and experiences, from the point of view of a young girl. The book encourages people to speak out, assert their rights and create a more just and equal society.
942 _cL
999 _c5495
_d5495